00644cam a2200217 4500003000800000005001700008008004100025035001400066040002300080041000800103043001200111082001600123100002200139245004500161260003400206300001900240350001100259490002100270600006800291650006700359BD-RjUL20250117162656.0250120s1952 enk 000 0 eng  a(BD-RjUL) aDLCcDLCdDLCbeng aeng apogn---00a919.681221 a Grimble,, Arthur00a A pattern of islands /cArthur Grimble, aLondon,bJohn Murray,,c1955. a154 p.c18 cm. a£0.350 aStudy-aid series10aGrimble, Arthur Francis,cSir,d1888-1956.tPattern of islands. a Kiribati Kiribati Social life and customs Manners and customs